00512nam a2200193Ia 4500008004100000020001800041050001400059100001900073245002800092245002200120245006300142260001500205260001600220260000900236300001500245300002500260300001000285440002300295180207s9999 xx 000 0 und d a9780545666756 bC877 2015 aCox, Katherine aKatie fry private eye : bthe missing fox / cby Katherine Cox ; illustrated by Vanessa Brantley Newton. aNew York : bScholastic, c2015 a32 pages : bcolor illustration ; c23cm. aScholastic reader.